Statistics for French Verbs

Click here to take the quiz!

General Stats

  • This quiz has been taken 2,915 times
  • The average score is 16 of 20

Answer Stats

HintAnswer% Correct
to eatmanger
96%
to goaller
93%
to talkparler
93%
to haveavoir
91%
to finishfinir
90%
to sleepdormir
88%
to drinkboire
85%
to make/ to dofaire
85%
to seevoir
83%
to buyacheter
82%
to writeecrire
81%
to knowsavoir
80%
to leavepartir
75%
to livevivre
74%
to comevenir
72%
to paypayer
69%
to diemourir
68%
to answerrepondre
60%
to callappeler
58%
to be bornnaitre
58%

Score Distribution

Percentile by Number Answered

Percent of People with Each Score

Your Score History

You have not taken this quiz